Actos de habla en el lenguaje publicitario escrito de puntarenas
Kaydedildi:
| Yazar: | |
|---|---|
| Materyal Türü: | Bilinmiyor |
| Dil: | Spanish |
| Baskı/Yayın Bilgisi: |
Costa Rica
Universidad de Costa Rica
2016
|
| Konular: | |
| Etiketler: |
Etiketle
Etiket eklenmemiş, İlk siz ekleyin!
|
MARC
| LEADER | 00000 a2200000 4500 | ||
|---|---|---|---|
| 008 | 190624b ||||| |||| 00| 0 spa d | ||
| 999 | |c 30738 |d 30738 | ||
| 040 | |a cru BVZT | ||
| 090 | |a TESIS 943 | ||
| 100 | |a López Montero, Rosberly | ||
| 245 | |a Actos de habla en el lenguaje publicitario escrito de puntarenas |c Rosberly López Montero | ||
| 260 | |a Costa Rica |b Universidad de Costa Rica |c 2016 | ||
| 300 | |a 169 páginas | ||
| 650 | 0 | |9 237 |a TRABAJO FINAL DE GRADUACIÓN | |
| 650 | 0 | |9 55 |a LINGÜÍSTICA | |
| 653 | |a MAESTRÍA ACADÉMICA EN LINGÜÍSTICA | ||
| 653 | |a HABLA |a LENGUAJE PUBLICITARIO ESCRITO |a PUNTARENAS | ||
| 942 | |c SALA |h TESIS 943 |2 z | ||
